Statistics for Big Bang Theory Analogies #2

Click here to take the quiz!

General Stats

  • This quiz has been taken 61 times
  • The average score is 7 of 22

Answer Stats

HintAnswer% Correct
Star Trek is to Penny as football is to _______Leonard
96%
Leonard is to dairy as Howard is to ____Nuts
65%
Women are to Raj as birds are to _______Sheldon
65%
Appearance is to Howard's mom as last name is to _____Penny
57%
Scissors is to paper as lizard is to _____Spock
57%
"Moo-stache" is to Koothrappali as "fwag" is to ______Kripke
49%
Mystic Warlords of Ka'a is to Wil Wheaton as Words With Friends is to _______ _______Stephen Hawking
47%
Spaghetti with cut-up hot dogs is to Sheldon as _______ is to HowardBrisket
39%
Indiana Jones is to Sheldon as ______ _____ __ ___ _______ is to AmyLittle House on the Prairie
39%
Robbery is to apartment as fire is to _____ ___ _____Comic Book Store
37%
Luke Skywalker is to conditioner as _____ _____ is to shampooDarth Vader
37%
Priya is to India as _____ ___ is to North KoreaJoyce Kim
29%
Snake can is to money as Japanese puzzle box is to _____ _____Flash Drive
22%
Friendship is to sex as ___ _____ is to chocolate sprinklesIce Cream
16%
Streetcar Named Desire is to play as ______ ______ is to movieSerial Apeist
12%
Sheldon is to Data as Raj is to ____Worf
10%
Shopping is to Penny as _____________ is to AmyBasketweaving
8%
Right brain hemisphere is to Penny as _____ is to AmyTumor
8%
Thieves are to Leonard's car as ____ is to Leonard's pantsKurt
6%
Thai is to Siam Palace as Chinese is to ________ ______Szechuan Palace
4%
Little Indian boy is to Penny as _____ is to Catherine the GreatHorse
2%
Neck is to head as _____ _____ is to Faberge eggPixie Stick
2%

Score Distribution

Percentile by Number Answered

Percent of People with Each Score

Your Score History

You have not taken this quiz